000 00557nam a2200205Ia 4500
005 20250508165153.0
008 008 250505s9999 xx 000 0 eng d
020 _a0-07-036286-6
037 _aTextual
040 _aFEDL
_beng
_cFEDL
041 _aeng
_2eng
084 _a808.042, LAN
_qFEDL
100 _aLangan John
_9615543
245 0 _aCollege writing skills
260 _aNew York, USA
_bMcGraw-Hill Book Company
_c1984
300 _axiv,415p.
546 _aRSPEE
942 _cTEXL
_h808.042, LAN
999 _c1393557
_d1393557